000 01044nam0a22002891 4500
001 rc\39879
005 20050323161913.3
035 _a(NLR Aleph) 008783269
090 _a7995600
_c7995600
100 _a20021216d1991 u |0rusy50 ca
101 0 _arus
102 _aRU
105 _aa |||||||||
200 1 _aБЕНТОС Белого моря: популяции, биоценозы, фауна
_e[Сб. ст.]
_fПод ред. А.Д. Наумова и В.В. Федякова
210 _aЛ.
_cЗоол. ин-т
_d1991
215 _a159 с.
_cил.
_d22
225 1 _aТруды Зоологического института
_fАН СССР
_vТ. 233
300 _aРез. на англ. яз.
320 _aБиблиогр. в конце ст.
606 1 _aБентос
_yБелое море
_2nlr_sh1
702 1 _aНаумов
_bА. Д.
_gАндрей Донатович
_4340
801 0 _aRU
_bNLR
_gpsbo
801 1 _aRU
_bELAR
_2rusmarc
801 2 _aRU
_bNLR
_c20050323
_2rusmarc
852 _aNLR
_jП7/259
942 _cBOOK
980 _aNB